| 000 | 00611nam a2200217 a 4500 | ||
|---|---|---|---|
| 999 |
_c50 _d50 |
||
| 003 | UPN | ||
| 005 | 20250115063757.0 | ||
| 008 | 991125s1966 mx 000 0 spa u | ||
| 035 | _aUPN01000000050 | ||
| 040 |
_aUPN _bspa _cUPN |
||
| 049 | _aF | ||
| 050 | 4 |
_aLB7 _bF63 no.10 |
|
| 245 | 0 | 0 | _a15 Preguntas sobre colegiaturas de las escuelas particulares. |
| 260 |
_aMéxico : _bCEE, _c1966. |
||
| 300 |
_a35 p. : _bil. |
||
| 440 | 0 |
_aFolleto de divulgación ; _v10 |
|
| 650 | 4 |
_aEducación _xAspectos económicos _zMéxico _95231 |
|
| 650 | 4 |
_aEducación _xInvestigación _94070 |
|
| 905 | _aLibro | ||
| 942 |
_2lcc _cLIBRO |
||